| 000 | 00882nam a2200265Ia 4500 | ||
|---|---|---|---|
| 003 | OSt | ||
| 005 | 20221005103453.0 | ||
| 006 | a|||||r|||| 00| 0 | ||
| 007 | ta | ||
| 008 | 221004b |||||||| |||| 00| 0 hin d | ||
| 020 | _a9789381596050 (hbk) | ||
| 024 | _a23118 | ||
| 037 |
_bGift, 12/11/2015, _cTextual |
||
| 040 |
_aCRL _cCRL _bhin |
||
| 041 |
_2hin _ahin |
||
| 082 | _aO152,1x, Q1 | ||
| 100 | _aदत्त, अम्बिका, संपा. | ||
| 245 | 0 | _aनदी के कछार पर | |
| 246 | _aNadī ke kachhār para | ||
| 260 |
_aजयपुर _bबोधि प्रकाशन भारत _c2011 |
||
| 300 |
_a95पृ0 _ccm. |
||
| 650 | _aहिन्दी साहित्य | ||
| 942 |
_hO152,1x, Q1 _cTEXL _2cc |
||
| 999 |
_c1010120 _d1010120 |
||